[Event "SVK-ch U14"]
[Site "Liptovsky Mikulas"]
[Date "2017.04.23"]
[Round "3"]
[White "Michalicka, Oliver"]
[Black "Chovancak, Michal"]
[Result "1-0"]
[WhiteElo "1378"]
[BlackElo "1040"]
[PlyCount "45"]
[EventDate "2017.04.22"]
[EventType "swiss"]
[EventRounds "9"]
[EventCountry "SVK"]
[SourceTitle "CBM 178 Extra"]
[Source "ChessBase"]
[SourceDate "2017.06.22"]
[SourceVersion "1"]
[SourceVersionDate "2017.06.22"]
[SourceQuality "1"]

1. e4 e5 2. Nf3 Nc6 3. d4 exd4 4. Nxd4 Nxd4 5. Qxd4 d6 6. Bc4 Be6 7. Nd2 Nf6 8. 0-0 g6 9. Nf3 Bg7 10. Ng5 Bxc4 11. Qxc4 Qe7 12. Bf4 h6 13. Nf3 Nxe4 14. Rfe1 f5 15. Nd2 c6 16. Nxe4 d5 17. Nd6+ Kd8 18. Rxe7 Kxe7 19. Re1+ Kd7 20. Qe2 Bf8 21. Qe6+ Kc7 22. Nc4+ Kd8 23. Qe8# 1-0